01338nam a2200361 a 4500001001100000003000800011006001900019007001500038008004100053010001700094020004000111020003500151040002100186035002100207050002400228082001900252100001800271245009600289260004500385300001500430490001200445504006400457533015200521650003200673650001300705650003300718650002400751655002900775710001700804830001300821856012500834999001700959ebr5001582CaPaEBRm u cr cn|||||||||951016s1996 nyu sb 001 0 eng  z 95046217  z041514308X (hardbound : alk. paper) z0415143098 (pbk. : alk. paper) aCaPaEBRcCaPaEBR a(OCoLC)13316808814aCB428b.H365 1996eb04a306.4/09042201 aHannerz, Ulf.10aTransnational connectionsh[electronic resource] :bculture, people, places /cUlf Hannerz. aLondon and New York :bRoutledge,c1996. aix, 201 p.1 aComedia aIncludes bibliographical references (p. 184-194) and index. aElectronic reproduction.bPalo Alto, Calif. :cebrary,d2013.nAvailable via World Wide Web.nAccess may be limited to ebrary affiliated libraries. 0aCivilization, Moderny1950- 0aCulture. 0aIntercultural communication. 0aCultural relations. 7aElectronic books.2local2 aebrary, Inc. 0aComedia.40uhttp://site.ebrary.com/lib/rucke/Doc?id=5001582zAn electronic book accessible through the World Wide Web; click to view c16230d16230